Gminy powiatu Jarosławskiego - Statystyki

Ogólne statystyki
  • Ten quiz został rozwiązany 66 razy
  • Średni wynik to 5 z 9
Statystyki odpowiedzi
Wskazówka Odpowiedź % Poprawnych
Gmina Jarosław
93%
Gmina Radymno
75%
Gmina Wiązownica
63%
Gmina Laszki
58%
Gmina Pruchnik
58%
Gmina Pawłosiów
55%
Gmina Rokietnica
48%
Gmina Chłopice
45%
Gmina Roźwienica
33%
Nie znaleziono quizów pasujących do podanych kryteriów
Rozkład punktacji
Procent ludzi z każdym wynikiem
Percentyl według liczby udzielonych odpowiedzi
Twoja historia wyników
Nie rozwiązałeś tego quizu